000 00694nam a2200217Ii 4500
003 JO-AjNU
008 230605s9999||||xx |||||||||||||| ||und||
017 _a4806-2000
040 _aJO-AjNU
_bara
_erda
_cJO-AjNU
041 _aara
050 1 4 _aQA184 .S812 2000
100 3 _aجهينة، رمضان محمد/ م. مشارك فاروق البرقي ,
_eauthor
_928866
245 0 0 _a الجبر الخطي وتطبيقاته
250 _aط2
264 3 1 _aبيروت:دار الفكر العربي، 2000
300 _a902ص
336 _atext
_btxt
_2rdacontent
337 _aunmediated
_bn
_2rdamedia
338 _avolume
_bnc
_2rdacarrier
650 4 _aالجبر الخطي
_928867
999 _aA11250
_c14818
_d14818